Taksony

Elmentve itt :
Bibliográfiai részletek
Szerző: Rásonyi László
Dokumentumtípus: Cikk
Megjelent: 1927
Sorozat:Magyar nyelv : a Magyar Nyelvtudományi Társaság folyóirata
Kulcsszavak:Magyar nyelv - etimológia, Névkutatás - magyar
Tárgyszavak:
Online Access:http://misc.bibl.u-szeged.hu/64352
LEADER 00777nab a2200229 i 4500
001 misc64352
005 20230703101040.0
008 230524s1927 hu o 0|| hun d
040 |a SZTE Miscellanea Repozitórium  |b hun 
041 |a hun 
100 1 |a Rásonyi László 
245 1 0 |a Taksony  |h [elektronikus dokumentum] /  |c  Rásonyi László 
260 |c 1927 
300 |a 274-284  |c 24 cm 
300 |a [11] p.  |c 24 cm 
490 0 |a Magyar nyelv : a Magyar Nyelvtudományi Társaság folyóirata 
561 |a Németh Gyula hagyaték 
591 |a NOA 4793 
650 4 |a Bölcsészettudományok 
650 4 |a Nyelvek és irodalom 
695 |a Magyar nyelv - etimológia, Névkutatás - magyar 
856 4 0 |u http://misc.bibl.u-szeged.hu/64352/1/4793_noa.pdf  |z Dokumentum-elérés